| 000 | 00998cam a22003011 4500 | ||
|---|---|---|---|
| 001 | gs 60000261 | ||
| 003 | DLC | ||
| 005 | 20260227111409.0 | ||
| 008 | 790424s1960 nduab b s000 0 eng c | ||
| 010 | _ags 60000261 | ||
| 035 | _a(OCoLC)4889029 | ||
| 040 |
_aU.S. Geol. Survey. Libr. _cMnMohC _dDLC |
||
| 042 | _apremarc | ||
| 043 | _an-us-nd | ||
| 050 | 0 | 0 |
_aQE662 _b.C3 |
| 082 | _a551.724 | ||
| 100 | 1 |
_aCarlson, C. G. _q(Clarence Gustav) |
|
| 245 | 1 | 0 | _aStratigraphy of the Winnipeg and Deadwood formations in North Dakota. |
| 260 |
_aGrand Forks, N.D., _c1960. |
||
| 300 |
_avii, 149 p. _billus., maps, diagrs., tables (1 in pocket) _c23 cm. |
||
| 410 | 2 | 0 |
_aNorth Dakota Geological Survey. _tBulletin _v35 |
| 504 | _aBibliography: p. 78-84. | ||
| 650 | 0 |
_aGeology, Stratigraphic _yOrdovician. |
|
| 650 | 0 |
_aGeology, Stratigraphic _yCambrian. |
|
| 650 | 0 |
_aBorings _zNorth Dakota. |
|
| 650 | 0 |
_aGeology _zNorth Dakota. |
|
| 740 | 0 | _aWinnipeg and Deadwood formations in North Dakota. | |
| 999 |
_c29476 _d29476 |
||